| 000 | 00440cam a2200181ua 4500 | ||
|---|---|---|---|
| 001 | 1690 | ||
| 008 | 110716n ii |||gr||||Z||||||eng | ||
| 040 | _cMAIN | ||
| 082 | _a330 | ||
| 100 | _aDhingra, I. C., | ||
| 245 | 1 |
_aRural economics _cby I. C. Dhingra |
|
| 250 | _a1st. | ||
| 260 |
_aNew Delhi: _bSultan chand & sons publishers,986. |
||
| 300 |
_axii; 485p: _c23cm. |
||
| 653 | _aEconomics | ||
| 653 | _aRural economics | ||
| 942 | _cBK | ||
| 999 |
_c1576 _d1576 |
||